[Event "1A liga SSFBiH"]
[Site "Bosanska Krupa, hotel "]
[Date "2018.08.26"]
[Round "3.1"]
[White "Zajic, Milan"]
[Black "Mrkonjic, Nenad"]
[Result "1-0"]
[WhiteElo "2503"]
[BlackElo "2352"]
[PlyCount "153"]
[EventDate "2018.08.25"]
[EventRounds "9"]
[EventCountry "BIH"]
[WhiteTeam "ŠK Goražde"]
[BlackTeam "OŠK Živinice"]

1. e4 e5 2. Nf3 Nc6 3. Bb5 Nge7 4. Nc3 g6 5. d4 Bg7 6. dxe5 Nxe5 7. Nxe5 Bxe5
8. O-O c6 9. Bc4 O-O 10. Bh6 Bg7 11. Bxg7 Kxg7 12. Qd6 b5 13. Bb3 a5 14. a3 Ng8
15. Rfe1 Qf6 16. Qc7 Qd8 17. Qg3 Qe7 18. e5 Bb7 19. Ne4 Kh8 20. Nd6 Ba6 21.
Rad1 a4 22. Ba2 f6 23. Qc3 Kg7 24. Bxg8 Kxg8 25. exf6 Qxf6 26. Qxf6 Rxf6 27.
Ne8 Rf7 28. Rxd7 Kf8 29. Rxf7+ Kxf7 30. Nd6+ Kf8 31. f3 Rd8 32. Ne4 Bc8 33. g4
h6 34. Kf2 Be6 35. Nc3 Ke7 36. Ke3 Rf8 37. Rd1 Rb8 38. Ne4 Bd5 39. Nc5 Kd6 40.
Ne4+ Ke7 41. Rd4 Rf8 42. h3 g5 43. Rd2 Rf4 44. Rh2 Ke6 45. Nd2 Rf6 46. h4 gxh4
47. Rxh4 Kf7 48. Rh5 Re6+ 49. Kf2 Kg6 50. f4 Re8 51. Re5 Rg8 52. Nf1 Kf6 53.
Ne3 Be6 54. Rc5 Bd7 55. Kf3 Re8 56. c4 Rb8 57. cxb5 cxb5 58. Ke4 b4 59. Nd5+
Kf7 60. Rc7 Ke6 61. Nxb4 Kd6 62. Ra7 Rg8 63. Ra6+ Kc5 64. Rxh6 Rxg4 65. Nd3+
Kb5 66. Ne5 Rg7 67. Nxd7 Rxd7 68. Rh2 Rb7 69. Rc2 Re7+ 70. Kd5 Re1 71. f5 Rd1+
72. Ke6 Re1+ 73. Kf7 Rf1 74. f6 Kb6 75. Ke7 Re1+ 76. Kf8 Rf1 77. f7 1-0

[Event "1A liga SSFBiH"]
[Site "Bosanska Krupa, hotel "]
[Date "2018.08.26"]
[Round "3.2"]
[White "Trumic, Enes"]
[Black "Vukic, Milan"]
[Result "0-1"]
[WhiteElo "2244"]
[BlackElo "2386"]
[PlyCount "138"]
[EventDate "2018.08.25"]
[EventRounds "9"]
[EventCountry "BIH"]
[WhiteTeam "OŠK Živinice"]
[BlackTeam "ŠK Goražde"]

1. d4 Nf6 2. c4 d6 3. Nc3 Nbd7 4. e4 e5 5. d5 Nc5 6. Qc2 a5 7. h3 Be7 8. g4 O-O
9. Be3 Ne8 10. Nf3 b6 11. Rg1 Bd7 12. h4 Nf6 13. Nh2 h6 14. Be2 Nh7 15. Nf3
Bxh4 16. Nxh4 Qxh4 17. O-O-O Qe7 18. Rh1 Ng5 19. f3 f6 20. Kb1 Kf7 21. Rdf1 Rh8
22. Qd2 Nh7 23. Bd1 Kg8 24. Bc2 Nf8 25. Rh2 g5 26. Ne2 Ng6 27. Ng3 Nf4 28. Bxf4
exf4 29. Ne2 Qe5 30. Nd4 Kg7 31. Re1 Rae8 32. Qc3 Rh7 33. a3 a4 34. Ka2 Reh8
35. Reh1 Kf8 36. Qd2 Be8 37. Rh3 h5 38. gxh5 Rxh5 39. Rxh5 Bxh5 40. Nc6 Qe8 41.
Qc3 Kg7 42. Rg1 Kf7 43. Rf1 Bg6 44. Rf2 Rh3 45. Qb4 Kg7 46. Qb5 Qa8 47. Nd4 Be8
48. Qb4 Bd7 49. Qd2 Qe8 50. Rh2 Qh5 51. Rxh3 Qxh3 52. Qe2 Qh1 53. Bd1 Qg1 54.
Qd2 Qf1 55. Qe2 Qxe2 56. Nxe2 Kh6 57. Kb1 f5 58. exf5 Bxf5+ 59. Bc2 Bh3 60. Kc1
Bg2 61. Nd4 Bf1 62. Nb5 Bxc4 63. Nxc7 g4 64. Kd2 g3 65. Ke1 Kg5 66. Bh7 Kf6 67.
Bg8 Nd3+ 68. Kf1 Nxb2+ 69. Kg1 Nd1 0-1

[Event "1A liga SSFBiH"]
[Site "Bosanska Krupa, hotel "]
[Date "2018.08.26"]
[Round "3.3"]
[White "Muratovic, Efim"]
[Black "Mahmutbegovic, Muharem"]
[Result "1-0"]
[WhiteElo "2383"]
[BlackElo "2018"]
[PlyCount "67"]
[EventDate "2018.08.25"]
[EventRounds "9"]
[EventCountry "BIH"]
[WhiteTeam "ŠK Goražde"]
[BlackTeam "OŠK Živinice"]

1. Nf3 Nf6 2. g3 g6 3. Bg2 Bg7 4. O-O O-O 5. c4 d6 6. d4 Nbd7 7. Nc3 e5 8. h3
c6 9. Bg5 h6 10. Be3 e4 11. Nd2 d5 12. b4 Qe7 13. b5 dxc4 14. bxc6 bxc6 15.
Ndxe4 Nd5 16. Nxd5 cxd5 17. Nc3 Nb6 18. a4 a5 19. Rb1 Qd8 20. Qd2 Kh7 21. Qb2
Ra6 22. Qb5 Qd7 23. Nxd5 Nxd5 24. Bxd5 Qxh3 25. Bg2 Qg4 26. Qxc4 h5 27. Bf3 Qh3
28. d5 Bf6 29. Bg2 Qf5 30. Qf4 Qxf4 31. Bxf4 Bd7 32. e4 Bxa4 33. Rfc1 Bg7 34.
Rc7 1-0

[Event "1A liga SSFBiH"]
[Site "Bosanska Krupa, hotel "]
[Date "2018.08.26"]
[Round "3.4"]
[White "Sinanovic, Ermin"]
[Black "Stavnjak, Lazar"]
[Result "1/2-1/2"]
[WhiteElo "2155"]
[BlackElo "2221"]
[PlyCount "111"]
[EventDate "2018.08.25"]
[EventRounds "9"]
[EventCountry "BIH"]
[WhiteTeam "OŠK Živinice"]
[BlackTeam "ŠK Goražde"]

1. e4 c5 2. Nc3 Nc6 3. f4 d6 4. Nf3 g6 5. Bc4 Bg7 6. O-O e6 7. d3 Nge7 8. Qe1
O-O 9. Qh4 d5 10. Bb3 Nd4 11. f5 gxf5 12. Bh6 Ng6 13. Qh5 Nxf3+ 14. Rxf3 Bxh6
15. Qxh6 dxe4 16. dxe4 Qd4+ 17. Kh1 f4 18. Rd1 Qg7 19. Qg5 Qe5 20. Qh6 b6 21.
Ne2 Qg7 22. Qxg7+ Kxg7 23. Nxf4 Nxf4 24. Rxf4 Ba6 25. c3 Rad8 26. Rf2 Rxd1+ 27.
Bxd1 Rd8 28. Bf3 Bb7 29. g3 Rd3 30. Kg2 Re3 31. Rd2 Bxe4 32. Bxe4 Rxe4 33. Kf3
Ra4 34. a3 h5 35. Rd7 Kf6 36. Ke3 h4 37. gxh4 Rxh4 38. Rxa7 Rxh2 39. b4 Rh5 40.
b5 Rd5 41. Rb7 Rd6 42. Ke4 Kg6 43. a4 c4 44. Rc7 f5+ 45. Ke5 Rd3 46. Rxc4 Re3+
47. Kf4 Re1 48. Rc6 Kf6 49. c4 Rf1+ 50. Ke3 Re1+ 51. Kd2 Ra1 52. Rxb6 Rxa4 53.
c5 Ke5 54. Kc3 Kd5 55. Rd6+ Kxc5 56. Rxe6 1/2-1/2

[Event "1A liga SSFBiH"]
[Site "Bosanska Krupa, hotel "]
[Date "2018.08.26"]
[Round "3.5"]
[White "Sadikovic, Jasmin"]
[Black "Ramic, Mirnes"]
[Result "0-1"]
[WhiteElo "2078"]
[BlackElo "2068"]
[PlyCount "110"]
[EventDate "2018.08.25"]
[EventRounds "9"]
[EventCountry "BIH"]
[WhiteTeam "ŠK Goražde"]
[BlackTeam "OŠK Živinice"]

1. e4 e5 2. Nf3 Nc6 3. Bc4 Bc5 4. O-O Nf6 5. Re1 d6 6. h3 Be6 7. Bb3 Bxb3 8.
axb3 O-O 9. Nc3 a6 10. d3 h6 11. Qe2 Nd7 12. g4 Re8 13. Nd5 Ne7 14. Ne3 Bxe3
15. Bxe3 Ng6 16. Kh2 Ndf8 17. Rg1 f6 18. Ne1 Ne6 19. Ng2 d5 20. Qf3 d4 21. Bd2
Qd6 22. h4 Nef4 23. h5 Nxg2 24. Qxg2 Nf4 25. Bxf4 exf4 26. f3 a5 27. Qf2 Ra6
28. Ra4 c5 29. Qd2 Rea8 30. Rga1 Qc7 31. Kg2 b5 32. R4a2 Kh7 33. Re1 Qe5 34.
Rea1 Qg5 35. Qf2 R6a7 36. Rh1 Kg8 37. Qd2 a4 38. Rha1 f5 39. exf5 Re8 40. Re1
Rxe1 41. Qxe1 Re7 42. Qf2 Re3 43. Ra1 Qe7 44. Kf1 axb3 45. cxb3 Rxd3 46. Re1
Re3 47. Rxe3 fxe3 48. Qc2 Qh4 49. Kg2 Qe7 50. Qe4 Qd8 51. Qd3 Kh8 52. Kg3 c4
53. Qd1 d3 54. f4 d2 55. Kf3 Qd3 0-1

[Event "1A liga SSFBiH"]
[Site "Bosanska Krupa, hotel "]
[Date "2018.08.26"]
[Round "3.6"]
[White "Salkic, Mahir"]
[Black "Pestek, Elvis"]
[Result "1-0"]
[WhiteElo "2020"]
[BlackElo "1987"]
[PlyCount "87"]
[EventDate "2018.08.25"]
[EventRounds "9"]
[EventCountry "BIH"]
[WhiteTeam "OŠK Živinice"]
[BlackTeam "ŠK Goražde"]

1. d4 d5 2. Nf3 Nf6 3. c4 e6 4. Nc3 Be7 5. Bg5 Nbd7 6. e3 O-O 7. cxd5 exd5 8.
Bd3 c6 9. Qc2 h6 10. Bh4 Re8 11. O-O Ne4 12. Bxe4 dxe4 13. Qxe4 Bg5 14. Bxg5
hxg5 15. Qc2 g4 16. Nd2 Qh4 17. Rfe1 Re6 18. Nce4 Rh6 19. Nf1 Nf8 20. Neg3 g6
21. e4 Ne6 22. d5 Nd4 23. Qc3 c5 24. Qxc5 Nf3+ 25. gxf3 gxf3 26. Re3 Bg4 27.
Qa3 Rf8 28. Rxf3 Bxf3 29. Qxf3 Qg5 30. Qe3 Qh4 31. e5 Rh7 32. Qe4 Re8 33. Re1
Qd8 34. d6 Rh4 35. Qxb7 Rd4 36. Qb5 Rxd6 37. exd6 Rxe1 38. Qd5 Qd7 39. Kg2 Re6
40. Ne4 Kg7 41. Qd4+ f6 42. Ne3 Qc6 43. Qd5 Qd7 44. Nc5 1-0

[Event "1A liga SSFBiH"]
[Site "Bosanska Krupa, hotel "]
[Date "2018.08.26"]
[Round "3.1"]
[White "Obad, Andrija"]
[Black "Avdic, Mirza"]
[Result "1-0"]
[WhiteElo "2288"]
[BlackElo "2205"]
[PlyCount "47"]
[EventDate "2018.08.25"]
[EventRounds "9"]
[EventCountry "BIH"]
[WhiteTeam "ŠK Inzio-Tušanj, Tuzla"]
[BlackTeam "ŠK Gracanica"]

1. e4 e6 2. d4 d5 3. Nd2 Be7 4. Bd3 c5 5. dxc5 Nf6 6. Qe2 Nc6 7. c3 Bxc5 8.
Ngf3 O-O 9. O-O a5 10. e5 Nd7 11. Nb3 Be7 12. a4 b6 13. Nbd4 Qc7 14. Re1 Nc5
15. Nb5 Qd8 16. Bc2 Bd7 17. Bf4 Rc8 18. Rad1 Qe8 19. Ng5 Bxg5 20. Bxg5 Nb7 21.
Bxh7+ Kxh7 22. Qh5+ Kg8 23. Bf6 Ne7 24. Re3 1-0

[Event "1A liga SSFBiH"]
[Site "Bosanska Krupa, hotel "]
[Date "2018.08.26"]
[Round "3.2"]
[White "Coric, Ahmed"]
[Black "Jeremic, Milan"]
[Result "0-1"]
[WhiteElo "2131"]
[BlackElo "2181"]
[PlyCount "70"]
[EventDate "2018.08.25"]
[EventRounds "9"]
[EventCountry "BIH"]
[WhiteTeam "ŠK Gracanica"]
[BlackTeam "ŠK Inzio-Tušanj, Tuzla"]

1. e4 c6 2. d4 d5 3. e5 a6 4. Nf3 Bg4 5. Be3 e6 6. Nbd2 Qb6 7. Nb3 Nd7 8. h3
Bxf3 9. gxf3 Ne7 10. Bd3 g6 11. O-O Nf5 12. Bxf5 gxf5 13. f4 h5 14. Qe2 Qd8 15.
Kh2 Qh4 16. Qf3 Bh6 17. Rg1 O-O-O 18. Rg3 Nf8 19. Nc1 Ng6 20. Nd3 Rdg8 21. Rag1
Qd8 22. b3 Bf8 23. c4 Be7 24. cxd5 Qxd5 25. Qxd5 cxd5 26. b4 b6 27. a3 Kd7 28.
Rc1 Ra8 29. Rgg1 Nh4 30. Rgd1 Rhg8 31. Ne1 Rg7 32. Bd2 Rag8 33. Rc3 Rg1 34. Rg3
R8xg3 35. fxg3 Nf3+ 0-1

[Event "1A liga SSFBiH"]
[Site "Bosanska Krupa, hotel "]
[Date "2018.08.26"]
[Round "3.3"]
[White "Budimir, Boris"]
[Black "Avdic, Adnan A"]
[Result "1/2-1/2"]
[WhiteElo "2203"]
[BlackElo "2046"]
[PlyCount "123"]
[EventDate "2018.08.25"]
[EventRounds "9"]
[EventCountry "BIH"]
[WhiteTeam "ŠK Inzio-Tušanj, Tuzla"]
[BlackTeam "ŠK Gracanica"]

1. e4 c5 2. Nf3 Nc6 3. d4 cxd4 4. Nxd4 Nf6 5. Nc3 Qb6 6. Nb3 e6 7. Be3 Qc7 8.
a3 a6 9. Be2 Be7 10. O-O O-O 11. f4 d6 12. Qe1 b5 13. Qg3 Kh8 14. Bf3 Bb7 15.
Rae1 b4 16. axb4 Nxb4 17. Qf2 Nd7 18. Nd4 Rac8 19. Qd2 Nc6 20. Rd1 Qb8 21. Rfe1
Na5 22. Qf2 Ba8 23. Bc1 Qb4 24. Nce2 Nc4 25. b3 Na5 26. c3 Qb6 27. Ba3 Rfd8 28.
Bb4 Nb7 29. e5 Ndc5 30. exd6 Bxd6 31. Bxc5 Nxc5 32. Bxa8 Rxa8 33. b4 Ne4 34.
Qe3 Nf6 35. Nc2 Qc7 36. g3 Rac8 37. Qf3 Qb6+ 38. Kg2 a5 39. bxa5 Qxa5 40. Ne3
Qc5 41. Rd3 e5 42. fxe5 Qxe5 43. Red1 Bc7 44. Rxd8+ Rxd8 45. Rxd8+ Bxd8 46. Ng4
Nxg4 47. Qxg4 f5 48. Qc4 g5 49. Qd4 Bf6 50. Qxe5 Bxe5 51. Nd4 Bxd4 52. cxd4 Kg7
53. Kf3 Kf6 54. h4 h6 55. hxg5+ hxg5 56. Ke3 Ke6 57. Ke2 Kd5 58. Kd3 Kc6 59.
Kc4 Kd6 60. d5 f4 61. gxf4 gxf4 62. Kd4 1/2-1/2

[Event "1A liga SSFBiH"]
[Site "Bosanska Krupa, hotel "]
[Date "2018.08.26"]
[Round "3.4"]
[White "Mujacic, Haris"]
[Black "Dugonjic, Dragan"]
[Result "1-0"]
[WhiteElo "1972"]
[BlackElo "2036"]
[PlyCount "87"]
[EventDate "2018.08.25"]
[EventRounds "9"]
[EventCountry "BIH"]
[WhiteTeam "ŠK Gracanica"]
[BlackTeam "ŠK Inzio-Tušanj, Tuzla"]

1. d4 Nf6 2. Bf4 d5 3. e3 Bf5 4. Nd2 e6 5. c4 c6 6. Qb3 Qb6 7. c5 Qxb3 8. axb3
Nh5 9. Bxb8 Rxb8 10. Rxa7 e5 11. Be2 Nf6 12. Ngf3 Nd7 13. O-O Be7 14. Rfa1 O-O
15. b4 Bf6 16. b5 g5 17. h3 h5 18. Nb3 Rfe8 19. Kf1 g4 20. hxg4 hxg4 21. Nxe5
Nxe5 22. dxe5 Bxe5 23. Nd4 Bxd4 24. exd4 g3 25. fxg3 Kg7 26. Kf2 Kf6 27. Bf3
Bd3 28. b6 Ba6 29. Re1 Rxe1 30. Kxe1 Ke6 31. Be2 Bc4 32. Kd2 Bxe2 33. Kxe2 Kf5
34. Kf3 Kg5 35. g4 f6 36. g3 Kh6 37. Kf4 Kg6 38. b3 Kf7 39. Kf5 Ke7 40. b4 Kf7
41. b5 cxb5 42. c6 b4 43. Rxb7+ Rxb7 44. cxb7 1-0

[Event "1A liga SSFBiH"]
[Site "Bosanska Krupa, hotel "]
[Date "2018.08.26"]
[Round "3.5"]
[White "Zupcevic, Nedim"]
[Black "Nezirovic, Ozren"]
[Result "0-1"]
[WhiteElo "2051"]
[BlackElo "2013"]
[PlyCount "124"]
[EventDate "2018.08.25"]
[EventRounds "9"]
[EventCountry "BIH"]
[WhiteTeam "ŠK Inzio-Tušanj, Tuzla"]
[BlackTeam "ŠK Gracanica"]

1. d4 d6 2. e4 Nf6 3. Nc3 g6 4. Bc4 Bg7 5. Qe2 Nc6 6. Nf3 Bg4 7. Be3 O-O 8. h3
Bxf3 9. Qxf3 Nd7 10. Rd1 e5 11. dxe5 Ndxe5 12. Qe2 Nxc4 13. Qxc4 Re8 14. O-O
Bxc3 15. Qxc3 Qe7 16. f3 Qe5 17. Qb3 Rab8 18. Rd5 Qg7 19. Rfd1 a6 20. Bf4 h6
21. a3 Kh7 22. Bc1 Ne7 23. R5d4 Nc6 24. R4d3 Qf6 25. c3 Ne5 26. Re3 Nc6 27. Qc2
Ne7 28. Red3 Ng8 29. Qf2 Ne7 30. Be3 Nc6 31. c4 b6 32. Qc2 a5 33. Qa4 Ne5 34.
Bd4 Qe6 35. Rc3 Nd7 36. Qc6 Rbc8 37. Qa4 Nf6 38. Qc2 Nd7 39. Be3 Nf6 40. Qd2
Ng8 41. b4 axb4 42. axb4 Ra8 43. Qb2 Ra4 44. c5 bxc5 45. bxc5 dxc5 46. Bxc5
Raa8 47. Rcd3 Nf6 48. Bd4 Nh5 49. Be3 Rab8 50. Qc1 Ng3 51. Qxc7 Nh5 52. Rd7 Kg8
53. Bxh6 Qf6 54. Be3 Rbc8 55. Qb7 Rc2 56. Qb3 Rc3 57. Qb2 Rxe3 58. Qf2 Rc3 59.
Qd2 Rcc8 60. Qa2 Qe6 61. Qa4 Qb6+ 62. Kh2 Red8 0-1

[Event "1A liga SSFBiH"]
[Site "Bosanska Krupa, hotel "]
[Date "2018.08.26"]
[Round "3.6"]
[White "Alic, Selmir"]
[Black "Mesic, Ismet"]
[Result "1-0"]
[WhiteElo "2051"]
[BlackElo "1562"]
[PlyCount "65"]
[EventDate "2018.08.25"]
[EventRounds "9"]
[EventCountry "BIH"]
[WhiteTeam "ŠK Gracanica"]
[BlackTeam "ŠK Inzio-Tušanj, Tuzla"]

1. e4 c5 2. Nf3 d6 3. c3 Nf6 4. e5 dxe5 5. Nxe5 e6 6. Bb5+ Nbd7 7. Qf3 Qc7 8.
d4 cxd4 9. Bf4 Qb6 10. a4 a6 11. Nc4 Qc5 12. b4 Qa7 13. Nba3 Nd5 14. Nd6+ Bxd6
15. Bxd6 dxc3 16. a5 b6 17. Bc6 bxa5 18. Bxd5 exd5 19. Qe2+ Ne5 20. Qxe5+ Be6
21. Nc2 Rg8 22. Rxa5 Qd7 23. Rxd5 Qc6 24. Rd3 Qxg2 25. Rf1 Qg6 26. Rxc3 Rd8 27.
f4 Qf5 28. Nd4 Qxe5+ 29. fxe5 g6 30. Nxe6 fxe6 31. Rc7 Rd7 32. Rxd7 Kxd7 33.
Rf7+ 1-0

[Event "1A liga SSFBiH"]
[Site "Bosanska Krupa, hotel "]
[Date "2018.08.26"]
[Round "3.2"]
[White "Pastar, Slaven"]
[Black "Dumpor, Atif"]
[Result "0-1"]
[WhiteElo "2307"]
[BlackElo "2303"]
[PlyCount "118"]
[EventDate "2018.08.25"]
[EventRounds "9"]
[EventCountry "BIH"]
[WhiteTeam "ŠK Igman, Konjic"]
[BlackTeam "ŠK Cazin"]

1. d4 Nf6 2. c4 e6 3. Nc3 d5 4. cxd5 exd5 5. Bg5 Be7 6. e3 Nbd7 7. Bd3 c6 8.
Qc2 Nf8 9. Nge2 Ne6 10. Bh4 g6 11. f3 O-O 12. O-O Nh5 13. Bf2 f5 14. f4 Rf7 15.
Kh1 Qf8 16. Ng1 Qh6 17. Nf3 Nf6 18. Ne5 Rf8 19. Rab1 Ng4 20. Nxg4 fxg4 21. b4
Ng7 22. b5 Nf5 23. Ne2 Bd7 24. bxc6 Bxc6 25. Bb5 Rfc8 26. Bxc6 bxc6 27. Ng3 Nd6
28. Qe2 Qf8 29. Qxg4 Rc7 30. f5 Qg7 31. fxg6 Qxg6 32. Qxg6+ hxg6 33. Rfe1 Rf8
34. Kg1 Bg5 35. e4 Rcf7 36. Be3 Bh4 37. exd5 cxd5 38. Bh6 Rd8 39. Re5 Nc4 40.
Re2 Kh7 41. Bd2 Rdf8 42. Rf1 Bf6 43. Bc3 a5 44. Rf3 Bg5 45. Rf1 Rxf1+ 46. Nxf1
a4 47. Nd2 Be3+ 48. Rxe3 Nxe3 49. Bb4 Rc8 50. Bc5 Rb8 51. Nf3 Rb2 52. a3 Rxg2+
53. Kh1 Rf2 54. Ng5+ Kh6 55. Nh3 Rf1+ 56. Ng1 g5 57. h3 Rf2 58. Bd6 Nf5 59. Be5
Kh5 0-1

[Event "1A liga SSFBiH"]
[Site "Bosanska Krupa, hotel "]
[Date "2018.08.26"]
[Round "3.3"]
[White "Komic, Ibrahim"]
[Black "Mrndjic, Muamer"]
[Result "1/2-1/2"]
[WhiteElo "2193"]
[BlackElo "2249"]
[PlyCount "113"]
[EventDate "2018.08.25"]
[EventRounds "9"]
[EventCountry "BIH"]
[WhiteTeam "ŠK Cazin"]
[BlackTeam "ŠK Igman, Konjic"]

1. Nf3 d5 2. g3 c5 3. Bg2 Nf6 4. O-O e6 5. c4 d4 6. d3 Nc6 7. e3 Bd6 8. a3 a5
9. exd4 cxd4 10. Bg5 h6 11. Bxf6 Qxf6 12. Nbd2 Qd8 13. Re1 O-O 14. Qc2 Re8 15.
Rac1 Bf8 16. Ne5 Nb8 17. c5 Ra6 18. b4 axb4 19. axb4 Qc7 20. Qc4 Nc6 21. Nxc6
bxc6 22. Nb3 Ra3 23. Nxd4 Ba6 24. b5 cxb5 25. Qb4 Ra5 26. Qd2 Ra3 27. Qb2 Qa5
28. Nc6 Qa4 29. d4 Ra2 30. Qb4 Rc8 31. Qxa4 Rxa4 32. Rb1 Bb7 33. Ne7+ Bxe7 34.
Bxb7 Rc7 35. Rxb5 Rxd4 36. c6 Bd6 37. Rbb1 Kf8 38. Red1 Bc5 39. Rxd4 Bxd4 40.
Kf1 Ke7 41. Ke2 e5 42. f3 Kd6 43. Kd3 Kd5 44. Rb5+ Bc5 45. Ra5 f5 46. Ra4 Bb6
47. Rb4 Kc5 48. Rc4+ Kb5 49. Rc1 Ba5 50. Ke2 Re7 51. Bc8 g6 52. Bd7 Bc7 53.
Rb1+ Kc5 54. Rc1+ Kd4 55. Rd1+ Kc5 56. Rc1+ Kd4 57. Rd1+ 1/2-1/2

[Event "1A liga SSFBiH"]
[Site "Bosanska Krupa, hotel "]
[Date "2018.08.26"]
[Round "3.4"]
[White "Zacinovic, Alija"]
[Black "Abdic, Adnan"]
[Result "0-1"]
[WhiteElo "2171"]
[BlackElo "2123"]
[PlyCount "114"]
[EventDate "2018.08.25"]
[EventRounds "9"]
[EventCountry "BIH"]
[WhiteTeam "ŠK Igman, Konjic"]
[BlackTeam "ŠK Cazin"]

1. e4 e5 2. Nf3 Nc6 3. Bc4 Bc5 4. c3 Qe7 5. O-O Nf6 6. d4 Bb6 7. d5 Nb8 8. d6
Qxd6 9. Qxd6 cxd6 10. Re1 d5 11. Bxd5 Nxd5 12. exd5 d6 13. Nbd2 Nd7 14. Nc4 Bc7
15. Nd4 Nb6 16. Nb5 Kd7 17. Ne3 a6 18. Na3 Na4 19. c4 Nc5 20. Rd1 b6 21. Nac2
g6 22. Ne1 Bb7 23. Nf3 Ne4 24. b3 f5 25. Bb2 Rhf8 26. Nc2 g5 27. Nfe1 h5 28.
Nd3 g4 29. b4 Rae8 30. c5 bxc5 31. bxc5 dxc5 32. Ne3 f4 33. Nc4 Bxd5 34. Rac1
Ke6 35. f3 gxf3 36. gxf3 Bxc4 37. Rxc4 Ng5 38. Nxc5+ Kf5 39. Nd7 Bb8 40. Nxf8
Rxf8 41. Kg2 Rg8 42. Rd7 a5 43. Rc6 h4 44. Kf2 Nh3+ 45. Ke1 Rg1+ 46. Kd2 Ng5
47. Kc2 Nxf3 48. Rb7 Rg2+ 49. Kb3 Nd2+ 50. Ka4 f3 51. Rxb8 f2 52. Rf8+ Ke4 53.
Rc2 Kd3 54. Rc3+ Ke2 55. Rc5 e4 56. Bd4 e3 57. Bxe3 Kxe3 0-1

[Event "1A liga SSFBiH"]
[Site "Bosanska Krupa, hotel "]
[Date "2018.08.26"]
[Round "3.5"]
[White "Causevic, Sead"]
[Black "Zenelaj, Fisnik"]
[Result "1-0"]
[WhiteElo "2140"]
[BlackElo "1920"]
[PlyCount "95"]
[EventDate "2018.08.25"]
[EventRounds "9"]
[EventCountry "BIH"]
[WhiteTeam "ŠK Cazin"]
[BlackTeam "ŠK Igman, Konjic"]

1. e4 c5 2. Nf3 g6 3. Nc3 Nc6 4. d4 cxd4 5. Nxd4 Bg7 6. Be3 Nf6 7. Bc4 Qa5 8.
O-O O-O 9. Bb3 d6 10. h3 Nxd4 11. Bxd4 Be6 12. Re1 Rad8 13. Nd5 Bxd5 14. Bxd5
Qc7 15. Bb3 b5 16. Qe2 a6 17. a4 e5 18. Bc3 Qc6 19. axb5 axb5 20. Ra5 Rb8 21.
Qd3 Rfd8 22. Ra7 Rb7 23. Rxb7 Qxb7 24. Bxe5 Re8 25. Bxd6 Rxe4 26. Rxe4 Qxe4 27.
Qxb5 Ne8 28. Bg3 Bf8 29. Qd7 Qe7 30. Qxe7 Bxe7 31. Be5 Kf8 32. Ba4 Nd6 33. Bxd6
Bxd6 34. Kf1 Be5 35. c3 Ke7 36. Ke2 Kd6 37. Kd3 f5 38. b4 g5 39. c4 h5 40. c5+
Kc7 41. Be8 h4 42. Kc4 g4 43. f3 gxh3 44. gxh3 Bg3 45. b5 Bf2 46. b6+ Kb8 47.
Kb5 Bg3 48. Bd7 1-0

[Event "1A liga SSFBiH"]
[Site "Bosanska Krupa, hotel "]
[Date "2018.08.26"]
[Round "3.6"]
[White "Zenelaj, Samuel"]
[Black "Nuhic, Amir"]
[Result "1/2-1/2"]
[WhiteElo "1869"]
[BlackElo "2155"]
[PlyCount "153"]
[EventDate "2018.08.25"]
[EventRounds "9"]
[EventCountry "BIH"]
[WhiteTeam "ŠK Igman, Konjic"]
[BlackTeam "ŠK Cazin"]

1. c4 Nf6 2. Nc3 c5 3. Nf3 Nc6 4. e3 g6 5. d4 cxd4 6. exd4 d5 7. a3 Bg7 8. c5
O-O 9. Be2 Bf5 10. O-O Ne4 11. Be3 Re8 12. Qb3 Qd7 13. Rfd1 Rad8 14. Bd3 Nxc3
15. Bxf5 Ne2+ 16. Kf1 Qxf5 17. Kxe2 e5 18. Kf1 e4 19. Ng1 Rd7 20. Qc3 Qh5 21.
h3 f5 22. g3 g5 23. Kg2 Rf7 24. f4 exf3+ 25. Nxf3 Rfe7 26. Bf2 Re2 27. Ng1 R2e4
28. b4 g4 29. b5 Ne7 30. c6 bxc6 31. bxc6 Rc8 32. c7 Qe8 33. Rac1 Qd7 34. Qc5
a6 35. Be1 f4 36. gxf4 gxh3+ 37. Nxh3 Qg4+ 38. Kh2 Bh6 39. Rd2 Bxf4+ 40. Nxf4
Qxf4+ 41. Kg1 Rxc7 42. Rg2+ Kf7 43. Rf2 Qxf2+ 44. Kxf2 Rxc5 45. dxc5 Rc4 46.
Rd1 Rxc5 47. Bb4 Rb5 48. Rf1 Ke8 49. Re1 Rb7 50. Re6 Kf7 51. Rxa6 Nf5 52. Bc5
d4 53. Ke2 Rb2+ 54. Kf3 d3 55. Ra7+ Kg6 56. Rd7 Rb3 57. Ke4 Ng3+ 58. Kf4 Nf1
59. Bb4 h5 60. Rd6+ Kf7 61. Rd7+ Ke6 62. Rd6+ Kf7 63. Rd4 h4 64. Kg4 Ke6 65.
Kxh4 Ke5 66. Rd8 Ke4 67. Re8+ Kf3 68. Kg5 Ne3 69. Rf8+ Ke2 70. Re8 Kf3 71. Rf8+
Ke2 72. Re8 Rb1 73. Bc5 Rb5 74. Rxe3+ Kd2 75. Re5 Kc2 76. Kf6 d2 77. Rd5
1/2-1/2

[Event "1A liga SSFBiH"]
[Site "Bosanska Krupa, hotel "]
[Date "2018.08.27"]
[Round "4.1"]
[White "Hadzovic, Amir"]
[Black "Kojic, Tigran"]
[Result "1/2-1/2"]
[WhiteElo "2245"]
[BlackElo "2340"]
[PlyCount "53"]
[EventDate "2018.08.25"]
[EventRounds "9"]
[EventCountry "BIH"]
[WhiteTeam "ŠK Sarajevo"]
[BlackTeam "ŠK Igman, Konjic"]

1. e4 d6 2. Nc3 Nf6 3. f4 g6 4. Nf3 Bg7 5. Bc4 O-O 6. d3 c6 7. Bb3 b5 8. O-O a5
9. a4 b4 10. Ne2 Na6 11. e5 Nd5 12. d4 Nac7 13. c4 bxc3 14. bxc3 Rb8 15. Bc2 f5
16. Bd3 Ne6 17. Bd2 Qc7 18. Rb1 Bd7 19. Qc2 Qa7 20. Qa2 Rxb1 21. Rxb1 Rb8 22.
h3 Rxb1+ 23. Qxb1 c5 24. Qb3 Qa8 25. Bb5 Bxb5 26. Qxb5 Ndc7 27. Qd7 1/2-1/2

[Event "1A liga SSFBiH"]
[Site "Bosanska Krupa, hotel "]
[Date "2018.08.27"]
[Round "4.2"]
[White "Pastar, Slaven"]
[Black "Terzic, Ilijas"]
[Result "1-0"]
[WhiteElo "2307"]
[BlackElo "2143"]
[PlyCount "43"]
[EventDate "2018.08.25"]
[EventRounds "9"]
[EventCountry "BIH"]
[WhiteTeam "ŠK Igman, Konjic"]
[BlackTeam "ŠK Sarajevo"]

1. d4 Nf6 2. c4 e6 3. Nc3 Bb4 4. e3 O-O 5. Bd3 d5 6. cxd5 exd5 7. Nge2 c5 8. a3
cxd4 9. axb4 dxc3 10. Nxc3 Qe7 11. O-O Qxb4 12. Ra4 Qb6 13. Rh4 g6 14. Qf3 Rd8
15. e4 dxe4 16. Nxe4 Nxe4 17. Bxe4 Nc6 18. Qf6 Qd4 19. Qg5 Qg7 20. Bxc6 f6 21.
Bd5+ Kh8 22. Rxh7+ 1-0

[Event "1A liga SSFBiH"]
[Site "Bosanska Krupa, hotel "]
[Date "2018.08.27"]
[Round "4.3"]
[White "Halilovic, Fahrudin"]
[Black "Mrndjic, Muamer"]
[Result "1-0"]
[WhiteElo "2055"]
[BlackElo "2249"]
[PlyCount "53"]
[EventDate "2018.08.25"]
[EventRounds "9"]
[EventCountry "BIH"]
[WhiteTeam "ŠK Sarajevo"]
[BlackTeam "ŠK Igman, Konjic"]

1. e4 c5 2. Nc3 d6 3. f4 g6 4. Nf3 Bg7 5. Bc4 Nc6 6. O-O e6 7. d4 Nxd4 8. Be3
Qb6 9. e5 Nxf3+ 10. Rxf3 d5 11. Bb5+ Kf8 12. b4 d4 13. bxc5 Qc7 14. Qxd4 Ne7
15. Qd6 Qxd6 16. cxd6 Nc6 17. Ne4 Bd7 18. Rb1 b6 19. Bf2 a6 20. Ra3 Nb8 21. Bd3
h6 22. Rxb6 g5 23. Nc5 Bc6 24. Nxa6 Nxa6 25. Rxc6 Rb8 26. Raxa6 gxf4 27. Bd4
1-0

[Event "1A liga SSFBiH"]
[Site "Bosanska Krupa, hotel "]
[Date "2018.08.27"]
[Round "4.4"]
[White "Zacinovic, Alija"]
[Black "Strinic, Halid"]
[Result "0-1"]
[WhiteElo "2171"]
[BlackElo "2116"]
[PlyCount "79"]
[EventDate "2018.08.25"]
[EventRounds "9"]
[EventCountry "BIH"]
[WhiteTeam "ŠK Igman, Konjic"]
[BlackTeam "ŠK Sarajevo"]

1. e4 c5 2. Nf3 d6 3. d4 cxd4 4. Nxd4 Nf6 5. Nc3 a6 6. Bg5 Nbd7 7. Be2 e6 8.
O-O Be7 9. Kh1 O-O 10. f4 Re8 11. Bf3 Qc7 12. Qe1 h6 13. Bh4 Nf8 14. f5 Bd7 15.
fxe6 fxe6 16. Rd1 Rac8 17. Qf2 N8h7 18. Qe3 b5 19. a3 Qc5 20. Bf2 b4 21. axb4
Qxb4 22. Nb3 a5 23. Rd4 Qb8 24. Qd2 e5 25. Rd3 a4 26. Nc1 Qxb2 27. N1e2 Qb7 28.
Rb1 Qa8 29. Nd5 Nxd5 30. Rxd5 Qc6 31. c3 Ng5 32. Be3 Rb8 33. Rd1 Be6 34. Bxg5
hxg5 35. Ng3 g6 36. h4 Kg7 37. hxg5 Bxd5 38. exd5 Qb6 39. Nh5+ gxh5 40. Bxh5
0-1

[Event "1A liga SSFBiH"]
[Site "Bosanska Krupa, hotel "]
[Date "2018.08.27"]
[Round "4.5"]
[White "Kurtcehajic, Suad"]
[Black "Kovacic, Dubravko"]
[Result "1-0"]
[WhiteElo "1989"]
[BlackElo "2045"]
[PlyCount "39"]
[EventDate "2018.08.25"]
[EventRounds "9"]
[EventCountry "BIH"]
[WhiteTeam "ŠK Sarajevo"]
[BlackTeam "ŠK Igman, Konjic"]

1. e4 e6 2. d4 d5 3. Nd2 dxe4 4. Nxe4 Nf6 5. Bd3 Nbd7 6. Nf3 b6 7. Nxf6+ gxf6
8. Be4 Rb8 9. O-O Bb7 10. Bxb7 Rxb7 11. Re1 Bd6 12. Bh6 c6 13. Qe2 b5 14. Qe4
Qc7 15. Bg7 Rg8 16. Qxh7 Rxg7 17. Qxg7 b4 18. Re4 f5 19. Rh4 Nf8 20. Rh8 1-0